Statistics for Washington Wizards 2010s Top 10 Leaders

Click here to take the quiz!

General Stats

  • This quiz has been taken 58 times
  • The average score is 6 of 17

Answer Stats

Player% Correct
Bradley Beal
98%
John Wall
98%
Marcin Gortat
77%
Otto Porter Jr.
67%
Markieff Morris
44%
Kelly Oubre Jr.
42%
JaVale McGee
33%
Trevor Ariza
31%
Nenê
29%
Nick Young
29%
Andray Blatche
23%
Tomas Satoransky
17%
Jordan Crawford
13%
Ramon Sessions
10%
Trevor Booker
6%
Garrett Temple
4%
Kevin Séraphin
4%

Score Distribution

Percentile by Number Answered

Percent of People with Each Score

Your Score History

You have not taken this quiz